Manual of cataloging and classification for small school and public libraries (Record no. 1327570)

MARC details
000 -LEADER
fixed length control field 00671nam a2200229Ia 4500
005 - DATE AND TIME OF LATEST TRANSACTION
control field 20250508151110.0
008 - FIXED-LENGTH DATA ELEMENTS--GENERAL INFORMATION
fixed length control field 008 250505s9999 xx 000 0 eng d
037 ## - SOURCE OF ACQUISITION
Stock number Textual
040 ## - CATALOGING SOURCE
Original cataloging agency FEDL
Language of cataloging eng
Transcribing agency FEDL
041 ## - LANGUAGE CODE
Language code of text/sound track or separate title eng
Source of code eng
084 ## - COLON CLASSIFICATION NUMBER
Classification number 025.3, JOH
Assigning agency FEDL
100 ## - MAIN ENTRY--PERSONAL NAME
Personal name Johnson Margaret Fullerton
9 (RLIN) 758414
245 #0 - TITLE STATEMENT
Title Manual of cataloging and classification for small school and public libraries
250 ## - EDITION STATEMENT
Edition statement 4
260 ## - PUBLICATION, DISTRIBUTION, ETC.
Place of publication, distribution, etc. New York, USA
Name of publisher, distributor, etc. H. W. Wilson Company
Date of publication, distribution, etc. 1950
300 ## - PHYSICAL DESCRIPTION
Extent 71p
365 ## - TRADE PRICE
Price type code INR
Price amount 5
650 ## - SUBJECT ADDED ENTRY--TOPICAL TERM
Topical term or geographic name entry element Library science
700 ## - ADDED ENTRY--PERSONAL NAME
Personal name Cook Dorthy E
9 (RLIN) 758415
942 ## - ADDED ENTRY ELEMENTS (KOHA)
Koha item type Textual
Classification part 025.3, JOH
Holdings
Withdrawn status Lost status Damaged status Not for loan Home library Current library Date acquired Cost, normal purchase price Total Checkouts Full call number Barcode Date last seen Price effective from Koha item type
        Department of Education Library Department of Education Library 2025-05-08 5.00   025.3, JOH EL0007466 2025-05-08 2025-05-08 Textual
Copyright @ Delhi University Library System